000 00365cam a22001337a 4500
008 180718b1968 xxu||||| |||| 00| 0 eng d
082 _aT25 M519
100 _aMemoria, C.B.
245 _aIndustrial organisation
_cby C.B. Memoria
260 _aNew Delhi
_bJain
_c1968
300 _a391p.
650 _aIndustrial management - India
650 _aIndustrial management
999 _c373689
_d373689